00240nam a2200085Ia 450000500170000000800410001724500690005826000100012799900170013720250523150955.0250523s9999 xx 000 0 und d 0aEce Yüce/Ay Dede Kime GülümsüyorducGülten Dayıoğlu bALTIN c11942d11942